000 00441nam a2200169Ia 4500
003 GCL
008 140319s9999 xx 000 0 ara d
040 _aGCL /
_cGCL
082 0 4 _a780.927
_bح ف
100 1 _aحمدى عاشور
245 1 0 _aفنان الشعب سيد درويش /
_cحمدى عاشور
300 _a187 ص
490 _a100 قصة
_v0
650 0 4 _aالموسيقى
650 0 4 _aسيد درويش
942 _2ddc
_cBK
999 _c45566
_d45566